Quizzes
Events
Quiz Creation
Community
Videos
Private Events
Remove Ads
Sign In
Join for FREE
Feedback
Dark Mode
Quiz Categories
Sports
Geography
Music
Movies
Television
Just For Fun
Miscellaneous
History
Literature
Language
Science
Gaming
Entertainment
Religion
Holiday
For Kids
Quiz Lab
Recent
Popular Today
Quiz Kudos Today
Editor Picks
Curator Picks
Quizzes by...
Day
Popularity
Type
Ratings
Length
Year
Community
Subscriptions
Recent Discussions
Orange Saloon
Badges
Playlists
Quests
Create
Leaderboards
Showdown
Live 5
Trivia Bingo
Activity
Puzzle Library
Sporcle Events
Private Events
Virtual Trivia
Globe League
Become a Host
Pub Owners
SporcleCon
Opinionation
Our Games
Videos
Blog
Mobile Apps
Partnerships
Remove Ads and Go Orange
Feedback
Gaming
Video Games
Board Games
Card Games
Pokémon
Mario
Nintendo
Minecraft
Console
Toys
Legend of Zelda
Gaming
Video Games
Board Games
Card Games
Pokémon
Mario
Nintendo
Minecraft
Console
Toys
Legend of Zelda
Random Quiz
Search Sporcle
×
Quiz Lab
Quiz Lab
Gaming
Pokémon
Type in answers that appear in a list
Type in answers that appear in a list
Classic
Best Score? Go Orange.
Names of Pokemon Games Stats
Can you name the Pokemon Games?
By
phoenix2502
8m
46 Questions
171 Plays
171 Plays
171 Plays
Comments
Comments
Give Quiz Kudos
Give Quiz Kudos
-
- Ratings
hide this ad
More Info
Replay
Link that replays current quiz
Next Quiz
Link to next quiz in quiz playlist
You Got
0%
They Got
Avg Score
51%
Avg Friend Score
Upgrade to see
Score Distribution
Jump to the score distribution portion of the page
Score
0/46
Timer
08:00
0
Plays Today
year
pokemon game
% Correct
1998
Pokemon red
98.2%
1999
Pokemon yellow
94.7%
2000
Pokemon gold
88.3%
2000
Pokemon silver
87.7%
2003
Pokemon ruby
83.6%
2007
Pokemon pearl
78.9%
2003
Pokemon sapphire
77.2%
2007
Pokemon diamond
76.6%
1998
Pokemon blue
73.7%
2001
Pokemon crystal
73.1%
New in Japan 2010
Pokemon black
73.1%
New in Japan 2010
Pokemon white
72.5%
2005
Pokemon emerald
71.9%
2004
Pokemon leafgreen
71.3%
2004
Pokemon firered
70.8%
2009
Pokemon platinum
67.8%
2010
Pokemon soulsilver
67.8%
Japan only 1996
Pokemon green
64.9%
2010
Pokemon heartgold
63.2%
2003
Pokemon pinball: ruby and sapphire
58.5%
2003
Pokemon box: ruby and sapphire
53.2%
2006
Pokemon ranger
46.8%
1999
Pokemon stadium
42.7%
year
pokemon game
% Correct
1999
Pokemon pinball
40.9%
2004
Pokemon colosseum
38.6%
2000
Pokemon snap
38%
2001
Pokemon stadium 2
34.5%
2006
Pokemon XD: gale of darkness
33.9%
2006
Pokemon trozei!
33.3%
2006
Pokemon mystery dungeon: red rescue team
29.8%
2006
Pokemon mystery dungeon: blue rescue team
28.7%
2009
Pokemon rumble
28.7%
2000
Hey you, Pikachu!
26.9%
2008
Pokemon mystery dungeon: explorers of time
25.7%
2008
Pokemon ranger: shadows of almia
25.1%
2008
Pokemon mystery dungeon: explorers of darkness
23.4%
2004
Pokemon channel
22.8%
2000
Pokemon trading card game
22.8%
2009
Pokemon mystery dungeon: explorers of sky
21.6%
Japan only 2008
My pokemon ranch
19.3%
2005
Pokemon dash
18.1%
2000
Pokemon puzzle league
16.4%
2000
Pokemon puzzle challenge
9.9%
2007
Pokemon battle Rrevolution
9.4%
New in Japan 2010
Pokemon rangers: guardian signs
8.2%
Japan only 2009
Pokepark Wii: Pikachu's adventure
8.2%
Quiz Playlist
Details
Report
Send in Message
Add To Playlist
More Info:
Try to list all of the pokemon games. All handheld and console games in less than 8 minutes.
Classic:
Type in answers that appear in a list
Quiz Source
Last Updated: Feb 16, 2017
Quiz Scoreboard
CHALLENGE
Sign Up to Join the Scoreboard
Show All
Scores
Hide
Comments
May contain spoilers
Recently Published
Movies - When Are They Set?
by FPL_Elf
Movies
5m
Popular People in 1961
by mucciniale
History
6m
1-10 Letter E Words III
by El_Dandy
Language
2m
More to Explore
Quiz From the Vault
Featured Blog Post
Where Did the Easter Bunny Come From?
hide this ad
You Might Also Like...
Tags
Board Games Quiz
Pokémon Quiz
System
Today's Top Quizzes in Gaming
Browse Gaming
hide this ad
Today's Top Quizzes in Pokémon
Browse Pokémon
Top Contributed Quizzes in Gaming
1
Destiny 2 exotic weapons by perk icons
2
Who's on the WWE 2K24 Cover?
3
Windmill: Pokémon
4
Overwatch 2 Heroes by Selection Quote
5
Genshin murder mystery
6
Overwatch 2: Ultimate Ability Icons
7
Franchise by Action Figure
8
Legendary or Exotic?
9
Genshin Impact Logic Puzzle
10
Genshin Impact Logic Puzzle Quiz
Explore More
Trending Topics
Marvel
Kpop
Anime
Crossword
Harry Potter
NBA
Disney
Soccer
Country
Puzzle
NFL
Pokémon
Song
The Office
WWE
hide this ad
More By:
phoenix2502
Quiz
Plays
Rating
Category
Featured
Created
Canadian Provinces + territories
276
2.00
Geography
Aug 7, 2010
Names of Street Fighter Characters
235
1.00
Gaming
Aug 5, 2010
Names of Pokemon Games
171
2.00
Gaming
Aug 5, 2010
Go to Creator's Profile
Score Distribution
Quiz Creator Spotlight
phoenix2502
Follow
Send a Message
Quizzes Created
-
Created Quiz Play Count
-
More By This Creator
Popular Quizzes Today
1
Find the US States - No Outlines Minefield
2
Find the Countries of Europe - No Outlines Minefield
3
The Countries of the World
4
Popular People in 1961
5
1-10 Letter E Words III
6
US States
7
Find the US States
8
One Thing in Common: World Cities II
More Gaming Quizzes
Pokémon by Mouth (Gen 4)
Quiz Lab
Trending Quizzes
Risky Map Clicking: Least Populous States A-Z
1-10 Letter F Words
1-10 Letter G Words
One Thing in Common: United Kingdom
Risky Map Clicking: Next State Alphabetically
Recently Updated
Leaping Animals
pecheneg
Reality TV Shows (A-Z)
bhenderson79
Rickey Henderson's Hall of Fame Teammates
pecheneg
Champions League XIs: Arsenal
pecheneg
Quick Pick: Celebrities in WWE's Hall of Fame
aduchscher
A-Z Keypad Blitz II
pecheneg
Multiple Oscar Actors
pecheneg
Mystery Phrase Blitz: Oscar 'Best Actors'
pecheneg
F. Scott Fitzgerald Novels
LTH
Pick 3 Villains
ddd62291
Trending Topics
Harry Potter
Kpop
Marvel
Anime
Disney
NBA
Crossword
Song
Country
NFL
Puzzle
Pokémon
The Office
Soccer
WWE
Your Account Isn't Verified!
In order to create a playlist on Sporcle, you need to verify the email address you used during registration. Go to your
Sporcle Settings
to finish the process.
Report this User
Report this user for behavior that violates our
Community Guidelines
.
Details:
Send Report
Go to the Sporcle.com Mobile Site →
Comments